Score 0/25 Timer 05:00
9 Plays Today
Image Movie % Correct
1Titanic
98%
16Jaws
96.3%
17Spider-Man
95.8%
20Elf
92.7%
3The Simpsons Movie
90.3%
19300
85.7%
9Jurassic Park
83.5%
5The Nightmare Before Christmas
82.8%
10Monsters, Inc.
82.7%
8The Silence of the Lambs
78.9%
25Back to the Future
77.3%
11The Terminator
77%
4Happy Gilmore
75.9%
Image Movie % Correct
21The 40 Year Old Virgin
69.2%
2Sleepy Hollow
68.3%
7Alien
68.2%
13The Blind Side
62.3%
15A League of Their Own
59.4%
12Coraline
58.5%
23Grease
54.6%
14Groundhog Day
52.7%
18Platoon
51.2%
6District 9
50.7%
22The Goonies
48.5%
24Driving Miss Daisy
36.6%
Remove Ads.
Support Sporcle.
Get the best of Sporcle when you Go Orange. This ad-free experience offers more features, more stats, and more fun while also helping to support Sporcle. Thank you for becoming a member.

You're not logged in!

Compare scores with friends on all Sporcle quizzes.
OR
Log In

Show Comments

Extras

Top Quizzes Today


Score Distribution

Your Account Isn't Verified!

In order to create a playlist on Sporcle, you need to verify the email address you used during registration. Go to your Sporcle Settings to finish the process.

Report this User

Report this user for behavior that violates our Community Guidelines.

Details: